000 00954nam a2200253 a 4500
001 000019411
005 20200929170017.0
008 100628s1975 ag 000 0 spa d
040 _aDO-SdBNP
_bspa
_cBNPHU
082 _a155.61
_bE82c
240 0 0 _aTraining creative thinking.
_lEspañol.
245 0 0 _aEstrategias para la creatividad / :
_bcompiladores Gary A. Davis, Joseph A. Scott.
260 _aBuenos Aires :
_bCentro Nacional de Ayuda Técnica,
_c1975.
300 _a354 p. :
_bil. ;
_c20 cm.
490 1 _aAlianza para el progreso
504 _aIncluye referencias bibliográficas y notas al pie de las páginas.
534 _pTítulo original en inglés:
_tTraining creative thinking.
650 4 _aPsicología diferencial
_941669
650 4 _aEstrategias para el desarrollo
_93099
700 1 _aDavis, Gary A.,
_ecomp.
_941670
700 1 _aScott, Joseph A.,
_ecomp.
_941671
830 0 _aAlianza para el progreso
_941672
049 _aBNGR
999 _c18927
_d18927